[Event "Capablanca Mem Premier II"]
[Site "Havana CUB"]
[Date "2003.05.14"]
[Round "9"]
[White "Hernandez,Hol"]
[Black "Galego,L"]
[Result "0-1"]
[WhiteElo "2413"]
[BlackElo "2506"]

1.e4 c5 2.Nc3 Nc6 3.Bb5 Nd4 4.Bc4 e6 5.Nf3 Ne7 6.O-O Nec6 7.Nxd4 cxd4 8.Ne2 Bc5
9.c3 O-O 10.b4 Bb6 11.a4 d5 12.exd5 exd5 13.Bd3 Ne5 14.Qc2 Qh4 15.cxd4 Nc6
16.b5 Nb4 17.Bxh7+ Qxh7 18.Qxh7+ Kxh7 19.Ba3 Re8 20.Bxb4 Rxe2 21.Bc3 Bf5
22.a5 Bd8 23.Rfe1 Rxe1+ 24.Rxe1 Bf6 25.f4 Bd7 26.Rb1 Re8 27.b6 a6 28.Kf2 Re4
29.Re1 Rxf4+ 30.Kg3 Re4 31.Rxe4 dxe4 32.d5 e3 33.d4 e2  0-1

[Event "TCh-RUS"]
[Site "Togliatti RUS"]
[Date "2003.05.17"]
[Round "2"]
[White "Frolov,D"]
[Black "Sherbakov,V"]
[Result "1/2-1/2"]
[WhiteElo "2418"]
[BlackElo "2446"]

1.e4 c5 2.Nf3 Nc6 3.Nc3 e5 4.Bc4 d6 5.d3 Be7 6.O-O Be6 7.Nd5 Nf6 8.Ng5 Bxd5
9.exd5 Nb8 10.f4 Nbd7 11.fxe5 Nxe5 12.Bb5+ Nfd7 13.d4 O-O 14.Bxd7 Nxd7 15.Qh5 Bxg5
16.Bxg5 f6 17.Bf4 Qb6 18.Qf5 Rf7 19.Qe6 cxd4 20.Qxd6 d3+ 21.Qxb6 Nxb6 22.d6 dxc2
23.Rac1 Re8 24.Rf2 Nd5 25.Bg3 Ne3 26.Re2 Nf5 27.Rexc2 Rd8 28.Rc8 Rff8 29.Rxd8 Rxd8
30.Rc7 Nxg3 31.hxg3 Rxd6 32.Rxb7 Rd2 33.Rxa7 Rxb2 34.Kh2 h6 35.g4 Kh7 36.a4 Kg6
37.a5 Rb3 38.a6 Ra3 39.g3 Ra2+ 40.Kh3 Ra4 41.Ra8 Kg5 42.Ra7 g6 43.Rb7 Rxa6
44.Rb5+ f5 45.gxf5 gxf5 46.Rb8 h5 47.Rg8+ Rg6 48.Rb8 Rg7 49.Ra8  1/2-1/2

[Event "TCh-RUS"]
[Site "Togliatti RUS"]
[Date "2003.05.17"]
[Round "2"]
[White "Geller,J"]
[Black "Isajevsky,A"]
[Result "1/2-1/2"]
[WhiteElo "2441"]
[BlackElo "2385"]

1.e4 c5 2.Nc3 Nc6 3.Nf3 g6 4.d4 cxd4 5.Nxd4 Bg7 6.Nb3 Nf6 7.Be2 O-O 8.O-O d6
9.Be3 Be6 10.f4 Na5 11.f5 Nxb3 12.axb3 Bd7 13.Rxa7 Rxa7 14.Bxa7 b5 15.b4 Nxe4
16.Nxe4 Qa8 17.f6 Qxa7+ 18.Kh1 exf6 19.Nxf6+ Bxf6 20.Rxf6 Re8 21.Bf1 Bf5
22.Rxd6 Qf2 23.Rd2 Re1 24.Rxf2 Rxd1 25.Kg1 Rb1 26.b3 Rc1 27.Rf3 Rxc2 28.Bxb5 Be6
29.Bf1 Rb2 30.b5 Bxb3 31.Rf2 Rb1 32.Rf4 Be6 33.Rd4 Kf8 34.Kf2 Ke7 35.Ra4 Kf6
36.Be2 Ke5 37.Ra7 Bd5 38.Bf3 Bxf3 39.Kxf3 Rxb5 40.Rxf7 Kd6 41.Rxh7 Ke6 42.Ra7 Rb2
43.Ra4 Kf6 44.h4 Rb3+ 45.Kf4 Rb6 46.Rc4 Ra6 47.Kg4 Rb6 48.Rf4+ Kg7 49.Kh3 Rb1
50.Rf3 Rh1+ 51.Kg4 Ra1 52.Rd3 Ra4+ 53.Kh3  1/2-1/2

[Event "Kings Cup"]
[Site "Bucharest ROM"]
[Date "2003.05.18"]
[Round "1"]
[White "Pilgaard,K"]
[Black "Grigore,Ge"]
[Result "0-1"]
[WhiteElo "2440"]
[BlackElo "2473"]

1.e4 c5 2.Nf3 Nc6 3.Nc3 e5 4.Bc4 Be7 5.O-O d6 6.Ne1 Nf6 7.d3 O-O 8.f4 exf4
9.Bxf4 Be6 10.Bxe6 fxe6 11.h3 Qe8 12.Bh2 Qg6 13.Nf3 Nh5 14.Ne2 Rf7 15.Nd2 Raf8
16.Rxf7 Rxf7 17.c3 Bh4 18.Nc4 d5 19.exd5 exd5 20.Ne5 Nxe5 21.Bxe5 Rf2 22.g4 Qg5
23.Bg3 Bxg3 24.Nxg3 Qf4 25.Nf1 Ng3  0-1

[Event "TCh-Serbia & Montenegro"]
[Site "Budva YUG"]
[Date "2003.05.18"]
[Round "?"]
[White "Markovic,Miros"]
[Black "Abramovic,B"]
[Result "0-1"]
[WhiteElo "2504"]
[BlackElo "2488"]

1.Nf3 c5 2.e4 Nc6 3.Nc3 g6 4.a3 Bg7 5.Bc4 e6 6.d3 Nge7 7.O-O d5 8.Ba2 h6
9.Re1 O-O 10.h3 Kh7 11.Rb1 b6 12.Bd2 a5 13.Qc1 d4 14.Ne2 e5 15.Ng3 Qd6 16.Nh2 b5
17.Ra1 a4 18.Nhf1 Ba6 19.b3 axb3 20.cxb3 b4 21.Bb1 bxa3 22.Rxa3 Nb4 23.Bxb4 cxb4
24.Ra2 h5 25.Nd2 Bh6 26.Qd1 Ng8 27.Ra5 Nf6 28.Ngf1 Rfc8 29.Nc4 Bxc4 30.Rxa8 Rxa8
31.bxc4 Nd7 32.Qb3 Ra3 33.Qb2 b3 34.c5 Qxc5 35.g3 Qb4 36.Rd1 Nc5 37.Qe2 Na4
38.Qf3 Kg7 39.g4 Nc3 40.Re1 h4  0-1

[Event "TCh-Serbia & Montenegro"]
[Site "Budva YUG"]
[Date "2003.05.18"]
[Round "?"]
[White "Todorovic,GM"]
[Black "Ristic,Nen"]
[Result "0-1"]
[WhiteElo "2459"]
[BlackElo "2480"]

1.e4 c5 2.Nf3 Nc6 3.Nc3 g6 4.d4 cxd4 5.Nxd4 Bg7 6.Be3 Nf6 7.Bc4 O-O 8.Bb3 d6
9.f3 Bd7 10.Qd2 Nxd4 11.Bxd4 b5 12.h4 a5 13.h5 a4 14.Bxf6 exf6 15.Bd5 b4
16.Ne2 f5 17.hxg6 hxg6 18.Qxb4 Ra6 19.Qd2 a3 20.b3 fxe4 21.fxe4 Bc6 22.c3 Re8
23.O-O-O Bxd5 24.exd5 Ra7 25.Nd4 Rc7 26.Nc6 Qf6 27.Rh3 Re4 28.Rf3 Qh4 29.Kb1 Rc8
30.g3 Qg4 31.Rf4 Rxf4 32.gxf4 Re8 33.Nd4 Bxd4 34.Qxd4 Re4 35.Qd3 Qxf4 36.Qd2 Qe5
37.Qc1 Re2 38.Qxa3 Qxc3 39.Qc1 Qe5 40.Rd2 Qe4+ 41.Qc2  0-1

[Event "TCh-Serbia & Montenegro"]
[Site "Budva YUG"]
[Date "2003.05.18"]
[Round "?"]
[White "Velickovic,Sa"]
[Black "Popadic,Dr"]
[Result "1-0"]
[WhiteElo "2399"]
[BlackElo "2240"]

1.e4 c5 2.Nc3 Nc6 3.Nge2 Nf6 4.g3 d5 5.exd5 Nxd5 6.Bg2 Nf6 7.O-O e6 8.b3 Qc7
9.d4 cxd4 10.Nxd4 Nxd4 11.Qxd4 Bc5 12.Qc4 Bd7 13.Bf4 Qc8 14.Nb5 O-O 15.Nc7 Be7
16.Nxa8 Qxa8 17.Qe2 Qc8 18.c4 b6 19.Rfd1 Bc6 20.Bxc6 Qxc6 21.Bg5 h6 22.Bxf6 Bxf6
23.Rac1 Be7 24.Rd3 a5 25.Rcd1 Qc5 26.Rd7 h5 27.Qf3 h4 28.Kg2 g6 29.Ra7 Kg7
30.Rdd7 Bf6 31.Rac7 Qg5 32.g4 h3+ 33.Kxh3 e5 34.Kg2 Qc1 35.Qd5  1-0

[Event "28th Keres Mem"]
[Site "Vancouver CAN"]
[Date "2003.05.18"]
[Round "5"]
[White "Van Riemsdijk,H"]
[Black "Wu,H"]
[Result "1/2-1/2"]
[WhiteElo "2393"]
[BlackElo "2185"]

1.e4 c5 2.Nf3 Nc6 3.Nc3 g6 4.d4 cxd4 5.Nxd4 Bg7 6.Be3 Nf6 7.Bc4 O-O 8.Bb3 a5
9.a4 Ng4 10.Qxg4 Nxd4 11.Qd1 Nxb3 12.cxb3 d6 13.Qd2 Be6 14.Nd5 Bxd5 15.exd5 Qd7
16.O-O b5 17.axb5 Qxb5 18.Ra3 a4 19.bxa4 Rxa4 20.Rxa4 Qxa4 21.Bg5 Rb8 22.Bxe7 Rxb2
23.Qd3  1/2-1/2

[Event "TCh-RUS"]
[Site "Togliatti RUS"]
[Date "2003.05.19"]
[Round "4"]
[White "Tseshkovsky,V"]
[Black "Katkov,S"]
[Result "1/2-1/2"]
[WhiteElo "2564"]
[BlackElo "2234"]

1.e4 c5 2.Nf3 Nc6 3.Nc3 e5 4.Bc4 Be7 5.d3 d6 6.O-O Nf6 7.Ng5 O-O 8.f4 exf4
9.Bxf4 Na5 10.a4 Nxc4 11.dxc4 h6 12.Nf3 Bg4 13.h3 Bh5 14.Qd3 Re8 15.a5 a6
16.Bh2 Bf8 17.Rae1 Re6 18.Nh4 Nd7 19.Nf5 Ne5 20.Bxe5 Rxe5 21.Ra1 Bg6 22.Nd5 Qg5
23.Rf3 Rae8 24.Rg3 Qd8 25.Rf1 Kh8 26.Rg4 Bh5 27.Rgf4 Qxa5 28.Ng3 Bg6 29.h4 h5
30.Qf3 Be7 31.Nf5 Bf8 32.Ng3 Qd8 33.Nf5 b5 34.g4 Bxf5 35.gxf5 Kg8 36.Re1 bxc4
37.Kf2 f6 38.Rg1 Rxd5 39.exd5 Qa5 40.c3 Qa2 41.Kg3 Qxb2 42.Rg2 Qc1 43.Qxh5 Qe1+
44.Kh2 Re3 45.Rxc4 Qf1 46.Qg4 Qd3 47.Rf4 Qxd5 48.Re2 Re5 49.c4 Qd3 50.Rxe5 dxe5
51.Re4 a5 52.Qe2 Qd7 53.Qf3 a4 54.Rg4 e4 55.Qxe4 Bd6+ 56.Kg2 Kh7 57.Qf3 Be5
58.Re4 Qd8 59.Re3 Qb8 60.Rd3 Qb2+ 61.Kf1 Qc1+ 62.Kg2 Qc2+  1/2-1/2

[Event "TCh-RUS"]
[Site "Togliatti RUS"]
[Date "2003.05.20"]
[Round "5"]
[White "Landa,K"]
[Black "Kovalevskaya,E"]
[Result "1-0"]
[WhiteElo "2643"]
[BlackElo "2447"]

1.e4 c5 2.Nf3 Nc6 3.Nc3 d6 4.d4 cxd4 5.Nxd4 e5 6.Nf3 Be7 7.Bc4 Nf6 8.Bg5 Be6
9.Bb3 O-O 10.Bxf6 Bxf6 11.Nd5 Qa5+ 12.c3 Bxd5 13.Qxd5 Qa6 14.Qc4 Qxc4 15.Bxc4 Rac8
16.Bb3 b5 17.Ke2 Na5 18.Bd5 Nc4 19.a4 Nxb2 20.axb5 Rxc3 21.Rhb1 Rc2+ 22.Kf1 Nc4
23.Rxa7 Nb6 24.Bb3 Rc5 25.Ne1 Bd8 26.Nd3 Rc7 27.Ra6 Rb7 28.Nb4 g6 29.Bd5 Nxd5
30.Nxd5 Bg5 31.Rxd6 Rfb8 32.b6 Bd8 33.Ke2 Kf8 34.Kd3 Be7 35.Rc6 Ke8 36.Kc4 Kd7
37.Kb5 Bd8 38.Ra1 Ke8 39.g4 h6 40.Ra6 Kf8 41.f3 Ke8 42.Kc5 Rd7 43.Ra2 Rdb7
44.Ra4 Rd7 45.Ra6 Kf8 46.Rc7 Bxc7 47.bxc7  1-0

[Event "TCh-RUS"]
[Site "Togliatti RUS"]
[Date "2003.05.21"]
[Round "6"]
[White "Abashev,D"]
[Black "Sveshnikov,E"]
[Result "0-1"]
[WhiteElo "2437"]
[BlackElo "2551"]

1.e4 c5 2.Nf3 Nc6 3.Nc3 e6 4.Bb5 Nge7 5.O-O Ng6 6.d4 cxd4 7.Nxd4 Be7 8.Be3 O-O
9.f4 a6 10.Be2 d6 11.a4 Nxd4 12.Qxd4 Nxf4 13.Bxf4 e5 14.Qb4 a5 15.Qa3 exf4
16.Nd5 Bf6 17.Rxf4 Be5 18.Rff1 Qh4 19.g3 Qxe4 20.Qf3 Qd4+ 21.Kg2 Be6 22.Rad1 Qxb2
23.Bd3 g6 24.Rb1 Qd4 25.Ne7+ Kg7 26.Rxb7 Qxa4 27.Be4 Qd4 28.Rb5 Bc4 29.Rd1 Qc3
30.Qxc3 Bxc3 31.Rb6 Rae8 32.Rc6 Be2  0-1

[Event "TCh-RUS"]
[Site "Togliatti RUS"]
[Date "2003.05.21"]
[Round "6"]
[White "Vokarev,S"]
[Black "Sherbakov,V"]
[Result "1-0"]
[WhiteElo "2498"]
[BlackElo "2446"]

1.e4 c5 2.Nf3 Nc6 3.Nc3 e5 4.Bc4 d6 5.d3 Be7 6.O-O Be6 7.Nd5 h6 8.c3 Nf6
9.Nxf6+ Bxf6 10.Bxe6 fxe6 11.Be3 O-O 12.Qe2 Qe8 13.Rad1 Qg6 14.h3 Rad8 15.Nh2 Kh7
16.a3 b6 17.b4 Bg5 18.Bxg5 Qxg5 19.Qg4 Qxg4 20.Nxg4 b5 21.Rb1 Rb8 22.Rb2 a6
23.Nh2 Rfe8 24.Nf3 Kg6 25.Rd1 Kf6 26.Kf1 Re7 27.Ke2 Rc8 28.Ra1 Nb8 29.a4 cxb4
30.cxb4 Rc3 31.axb5 axb5 32.Ra5 Nc6 33.Rxb5 Nd4+ 34.Nxd4 exd4 35.Ra5 Rec7
36.b5 Rc2+ 37.Rxc2 Rxc2+ 38.Kf3  1-0

[Event "28th Elekes Mem GM"]
[Site "Budapest HUN"]
[Date "2003.05.22"]
[Round "6"]
[White "Fogarasi,T"]
[Black "Sprenger,J"]
[Result "1/2-1/2"]
[WhiteElo "2460"]
[BlackElo "2431"]

1.e4 c5 2.Nc3 Nc6 3.Bb5 Nd4 4.Bc4 g6 5.Nf3 Bg7 6.Nxd4 cxd4 7.Qf3 Nh6 8.Ne2 O-O
9.c3 dxc3 10.bxc3 d6 11.d4 Bd7 12.O-O Rc8 13.Qd3 Kh8 14.Bg5 f5 15.Bd5 Nf7
16.Bd2 Rc7 17.exf5 Bxf5 18.Be4 Bxe4 19.Qxe4 d5 20.Qh4 e5 21.Qxd8 Rxd8 22.dxe5 Nxe5
23.Nd4 Re8 24.Rfe1 Rcc8 25.Kf1 Kg8 26.Rab1 Nc4 27.Rxe8+ Rxe8 28.Be1 Bxd4
29.cxd4 b6  1/2-1/2

[Event "TCh-RUS"]
[Site "Togliatti RUS"]
[Date "2003.05.22"]
[Round "7"]
[White "Tseshkovsky,V"]
[Black "Lukin,A"]
[Result "1-0"]
[WhiteElo "2564"]
[BlackElo "2434"]

1.e4 c5 2.Nc3 Nc6 3.Nf3 e5 4.Bc4 Be7 5.d3 d6 6.Nd2 Bg5 7.h4 Bh6 8.Qh5 g6
9.Qd1 Nf6 10.Nd5 Be6 11.a3 Bxd5 12.exd5 Nb8 13.Qf3 Bg7 14.Ne4 h6 15.b4 cxb4
16.axb4 Qe7 17.h5 Nxh5 18.Bb5+ Nd7 19.Rxh5 gxh5 20.Qxh5 O-O-O 21.Rxa7 Nf6
22.Nxf6 Qxf6 23.Be3 e4 24.Qg4+ Kb8 25.Qxe4 Qc3+ 26.Kd1 Bf6 27.Qc4 Qxc4 28.Bxc4 Rhg8
29.g3 h5 30.Ra4 Rg4 31.b5 h4 32.gxh4 Rxh4 33.Ba7+ Kc7 34.Be3 Kb8 35.Ke2 Rdh8
36.b6 Bd4 37.Bb5 Bxe3 38.Rxh4 Rxh4 39.fxe3 Rh2+ 40.Kd1 f5 41.Bd7 Rh1+ 42.Kd2 Rb1
43.c4 Rxb6 44.Bxf5  1-0

[Event "TCh-RUS"]
[Site "Togliatti RUS"]
[Date "2003.05.24"]
[Round "9"]
[White "Dolmatov,S"]
[Black "Shariyazdanov,A"]
[Result "1/2-1/2"]
[WhiteElo "2606"]
[BlackElo "2589"]

1.e4 c5 2.Nf3 Nc6 3.Nc3 e5 4.Bc4 d6 5.d3 Be7 6.Nd2 Nf6 7.Nf1 Bg4 8.f3 Be6
9.Ne3 O-O 10.O-O Nd7 11.Ncd5 Bg5 12.f4 Bxf4 13.Nxf4 exf4 14.Rxf4 Nce5 15.Bb3 b5
16.Bd5 Rb8 17.a4 b4 18.b3 Nf6 19.Bxe6 fxe6 20.Bb2 Nc6 21.Qe2 Rb7 22.Raf1 Rbf7
23.Nc4 e5 24.R4f3 Qd7 25.Ne3 g6  1/2-1/2

[Event "Memorial Day Classic"]
[Site "Los Angeles USA"]
[Date "2003.05.25"]
[Round "4"]
[White "Matikozian,A"]
[Black "Yanayt,E"]
[Result "1-0"]
[WhiteElo "2424"]
[BlackElo "2090"]

1.e4 c5 2.Nc3 Nc6 3.Nf3 g6 4.Bc4 Bg7 5.O-O d6 6.Re1 Nf6 7.d4 cxd4 8.Nxd4 O-O
9.Bg5 Bd7 10.Bb3 Qa5 11.Nxc6 Bxc6 12.Nd5 Bxd5 13.exd5 Rfe8 14.c3 Rac8 15.Qf3 Rc7
16.Re2 Nd7 17.Rae1 Ne5 18.Qh3 Nc4 19.Rxe7 Rcxe7 20.Rxe7 Rxe7 21.Qc8+  1-0

[Event "28th Elekes Mem IM"]
[Site "Budapest HUN"]
[Date "2003.05.26"]
[Round "10"]
[White "Grafl,F"]
[Black "Benda,H"]
[Result "0-1"]
[WhiteElo "2317"]
[BlackElo "2251"]

1.e4 c5 2.Nc3 Nc6 3.Bb5 Nd4 4.Bc4 e6 5.Nge2 Ne7 6.Nxd4 cxd4 7.Ne2 Nc6 8.d3 b5
9.Bb3 Qb6 10.c3 g6 11.O-O Bg7 12.Kh1 dxc3 13.bxc3 b4 14.Be3 Qa5 15.cxb4 Nxb4
16.Bd2 Qa3 17.d4 Ba6 18.Bc3 O-O 19.Qd2 Rab8 20.f4 Bxe2 21.Qxe2 Nxa2 22.Rxa2 Qxb3
23.Ba1 d5 24.e5 Rfc8 25.g4 Qc4 26.Qxc4 dxc4 27.Rc1 Bf8 28.Rxa7 c3 29.Rxc3 Rb1+  0-1

[Event "ch-EST"]
[Site "Tallinn EST"]
[Date "2003.05.26"]
[Round "6.4"]
[White "Kulaots,K"]
[Black "Kanep,M"]
[Result "1/2-1/2"]
[WhiteElo "2514"]
[BlackElo "2446"]

1.e4 c5 2.Nc3 Nc6 3.Bb5 Nd4 4.Bc4 g6 5.Nf3 Bg7 6.Nxd4 cxd4 7.Ne2 Nf6 8.Nxd4 Nxe4
9.Nf3 O-O 10.d4 d5 11.Bd3 Bf5 12.O-O Rc8 13.c3 Nd6 14.Bxf5 Nxf5 15.Bf4 e6
16.Be5 Nd6 17.Bxg7 Kxg7 18.Ne5 Nc4 19.Nxc4 Rxc4 20.Re1 b5 21.a3 a5 22.Re3 b4
23.axb4 axb4 24.Qd2 Qg5 25.Ra7 bxc3 26.bxc3 Rfc8 27.Rxf7+ Kxf7 28.Rf3+ Qf5
29.Rxf5+ exf5 30.Qh6 Kg8 31.Qe3 Kf7 32.Qh6 Kg8 33.Qe3 Kf7  1/2-1/2

[Event "CRO-Cup"]
[Site "Rabac CRO"]
[Date "2003.05.28"]
[Round "3"]
[White "Zivkovic,Vj"]
[Black "Levar,N"]
[Result "1-0"]
[WhiteElo "2377"]
[BlackElo "2198"]

1.e4 c5 2.Nf3 Nc6 3.Nc3 d6 4.d4 cxd4 5.Nxd4 Nf6 6.f3 h5 7.Be3 Bd7 8.Qd2 a6
9.Nd5 Rc8 10.c4 e6 11.Nxc6 Rxc6 12.Nxf6+ gxf6 13.Be2 Be7 14.O-O h4 15.b4 Qc7
16.a4 h3 17.g3 b5 18.axb5 axb5 19.Ra8+ Bd8 20.cxb5 Rb6 21.Rc1 Qb7 22.Rxd8+ Kxd8
23.Qd4  1-0

[Event "CRO-Cup"]
[Site "Rabac CRO"]
[Date "2003.05.29"]
[Round "4"]
[White "Bosnjak,N"]
[Black "Sikanjic,B"]
[Result "0-1"]
[WhiteElo "2180"]
[BlackElo "2075"]

1.e4 c5 2.Nf3 Nc6 3.Nc3 g6 4.Bc4 Bg7 5.O-O d6 6.h3 e6 7.Re1 Nge7 8.d3 O-O
9.Bf4 a6 10.a4 b6 11.Qd2 Re8 12.Bg5 Qd7 13.Qf4 Bb7 14.Qh4 Nd4 15.Nd2 f5 16.Rac1 b5
17.Ba2 bxa4 18.g4 Kh8 19.Ne2 Nxe2+ 20.Rxe2 Ng8 21.gxf5 exf5 22.c3 d5 23.Rce1 dxe4
24.dxe4 Rxe4 25.Rxe4 Bxe4 26.f3 Bc6 27.Be6 Qd6 28.Bf7 Rf8 29.Bc4 Re8 30.Kg2 Rxe1
31.Qxe1 Nf6 32.Qe2 Nh5 33.Qe7 Qxe7 34.Bxe7 Bb5 35.Bxb5 axb5 36.Bxc5  0-1

[Event "17th Open"]
[Site "Pula CRO"]
[Date "2003.06.01"]
[Round "1"]
[White "Stanojoski,Z"]
[Black "Kirbis,M"]
[Result "1-0"]
[WhiteElo "2497"]
[BlackElo "2151"]

1.e4 c5 2.Nf3 Nc6 3.Nc3 a6 4.g3 Nf6 5.Bg2 e6 6.O-O d5 7.exd5 Nxd5 8.d4 Nf6
9.Ne2 Be7 10.c3 O-O 11.Qb3 Na5 12.Qc2 Bd7 13.dxc5 Bc6 14.b4 Be4 15.Qa4 Nc4
16.Rd1 Qc8 17.Qb3 b5 18.Ne1 Bxg2 19.Nxg2 e5 20.Bg5 Qg4 21.Bxf6 Bxf6 22.Qc2 Na3
23.Qc1 Nc4 24.Re1 Qf3 25.a4 h6 26.h4 Rad8 27.axb5 axb5 28.Ra2 Rd3 29.Rd1 Rfd8
30.Rxd3 Qxd3 31.c6 Qf3 32.c7 Rc8 33.Ne1 Qc6 34.Qa1 Rxc7 35.Nd3 Qf3 36.Nc5 Rc8
37.Qf1 g5 38.Qg2 e4 39.Nxe4 g4 40.Qxf3 gxf3 41.Nxf6+ Kg7 42.Nh5+  1-0

[Event "IEWCC"]
[Site "Istanbul TUR"]
[Date "2003.06.02"]
[Round "1"]
[White "Mkrtchian,L"]
[Black "Milliet,S"]
[Result "1/2-1/2"]
[WhiteElo "2416"]
[BlackElo "2240"]

1.e4 c5 2.Nf3 Nc6 3.Nc3 d6 4.d4 cxd4 5.Nxd4 Nf6 6.f3 e6 7.Be3 d5 8.Bb5 Bd7
9.exd5 Nxd5 10.Nxd5 exd5 11.Qe2 Be7 12.O-O O-O 13.Bd3 Re8 14.Qf2 Bh4 15.g3 Bf6
16.c3 Ne5 17.Rad1 Nxd3 18.Rxd3 Qc7 19.Rfd1 Re7 20.Nb3 Rae8 21.Bf4 Qc8 22.Re3 Qc4
23.Rde1 Rxe3 24.Rxe3 Rxe3 25.Bxe3 Bh3 26.Bd4 Bxd4 27.cxd4 h6 28.Qe1 a5 29.Qd1 a4
30.Nc1 a3 31.bxa3 Qc3 32.Kf2 Qb2+ 33.Ne2 Bd7 34.Qb3 Qd2 35.Qxb7 Be6 36.Qb3 Bf5
37.Qxd5 Bd3 38.Qe5 Qxa2 39.Qe3 Bc4 40.Qe8+ Kh7 41.a4 Qd2 42.Qe3 Qa2 43.Qe4+ Kh8
44.Qe8+ Kh7 45.h4 Qd2 46.Qe3 Qa2 47.Qe4+ Kh8 48.Qe8+ Kh7 49.Qe4+ Kh8 50.Qe8+ Kh7
51.g4 Bb3 52.Qe4+ Kh8 53.Qa8+ Kh7 54.a5 Bd5 55.Qd8 Bc4 56.Qe7 Qxa5 57.Qe4+ Kh8
58.Qc2 Bd5 59.Ke3 Be6 60.Kf4 Bd5  1/2-1/2

[Event "Master Open"]
[Site "Ploiesti ROM"]
[Date "2003.06.02"]
[Round "4"]
[White "Scurhan,G"]
[Black "Mosnegutu,M"]
[Result "0-1"]
[WhiteElo "2130"]
[BlackElo "2242"]

1.e4 c5 2.Nc3 Nc6 3.Bb5 Nd4 4.Bc4 g6 5.Nf3 Bg7 6.Nxd4 cxd4 7.Qf3 e6 8.Ne2 Ne7
9.c3 Nc6 10.Nxd4 Nxd4 11.cxd4 Bxd4 12.d3 b5 13.Bb3 Bb7 14.Qe2 Qf6 15.Rb1 O-O
16.h4 a5 17.a4 bxa4 18.Bxa4 d5 19.f3 Rfc8 20.Be3 dxe4 21.fxe4 Ba6 22.Rh3 Rab8
23.Rf3 Qxh4+ 24.Kd2 Bxb2 25.Bc2 Qe7 26.Rh1 Qb4+ 27.Kd1 Qa3 28.Ke1 Be5 29.Rfh3 Qc3+
30.Kd1 Qa1+ 31.Bc1 Bf4 32.Re3 Bxd3  0-1

[Event "17th Open"]
[Site "Pula CRO"]
[Date "2003.06.02"]
[Round "2"]
[White "Jovanovic,Zo2"]
[Black "Wegerer,F"]
[Result "1/2-1/2"]
[WhiteElo "2407"]
[BlackElo "2240"]

1.e4 c5 2.Nc3 Nc6 3.Nf3 h6 4.d4 cxd4 5.Nxd4 e5 6.Ndb5 Nf6 7.Nd5 Nxd5 8.exd5 a6
9.dxc6 axb5 10.cxd7+ Bxd7 11.Bd3 Bc6 12.Qe2 Qd5 13.f3 Bc5 14.Be3 Bxe3 15.Qxe3 O-O
16.O-O Rxa2 17.Rxa2 Qxa2 18.Qxe5 Re8 19.Qd4 Qe6 20.Qc5 Qf6 21.b3 Qf4 22.Qf2 Qb4
23.Rd1 g6 24.Bf1 Qc3 25.Qd2 Qc5+ 26.Qf2 Qg5 27.Rd4 h5 28.Qd2 Qc5 29.b4 Qa7
30.h3 Kh7 31.Kh2 Qa1 32.Qd1 Qb2 33.c4 bxc4 34.Bxc4 Re7 35.Qd2 Qa1 36.Qf4 Kg7
37.Rd6 Qb2 38.Qd4+ Qxd4 39.Rxd4 b5 40.Rd6 Bxf3 41.Bxb5 Re5 42.Bc4 Be2 43.Bd5 h4
44.Rd7 Rf5 45.Bc6 Bb5 46.Bxb5 Rxb5 47.Rd4 g5 48.Kg1 Kf6 49.Kf2 Ke5 50.Ke3 Rb8
51.Rc4 Rb5  1/2-1/2

[Event "17th Open"]
[Site "Pula CRO"]
[Date "2003.06.02"]
[Round "3"]
[White "Kosanski,S"]
[Black "Murey,J"]
[Result "0-1"]
[WhiteElo "2395"]
[BlackElo "2490"]

1.e4 c5 2.Nc3 Nc6 3.Nge2 g6 4.d4 cxd4 5.Nxd4 Bg7 6.Nde2 Nf6 7.g3 d5 8.exd5 Nb4
9.a3 Nbxd5 10.Bg2 Be6 11.O-O Qd7 12.Bg5 Rd8 13.Re1 O-O 14.Qc1 Rfe8 15.Rb1 Nxc3
16.Nxc3 Qc7 17.Rxe6 fxe6 18.Qe3 Qb6 19.Qxb6 axb6 20.Bxb7 Kf7 21.Re1 h6 22.Bc1 Nd5
23.Nb5 Rb8 24.Bc6 Red8 25.c4 Rbc8 26.cxd5 exd5 27.Bb7 Rb8 28.Ba6 Ra8 29.Nc7 Ra7
30.Ne6 Rd6 31.Nxg7 Rxa6 32.Bxh6 Rc6 33.h4 b5 34.Re2 d4 35.h5 d3 36.Rd2 gxh5
37.Bf4 Kxg7 38.Rxd3 Rc5 39.Be3 Rf5 40.Rd4 Ra4 41.Rh4 Rd5 42.Kg2 Rc4 43.Kf3 e5
44.Kg2 Kg6 45.Bb6 e4  0-1

[Event "IEWCC"]
[Site "Istanbul TUR"]
[Date "2003.06.03"]
[Round "2"]
[White "Gaponenko,I"]
[Black "Agababean,N"]
[Result "1-0"]
[WhiteElo "2417"]
[BlackElo "2319"]

1.e4 c5 2.Nf3 Nc6 3.Nc3 e5 4.Bc4 Be7 5.d3 h6 6.Nd2 d6 7.Nf1 Nf6 8.Ne3 a6
9.a3 b5 10.Ba2 Nd4 11.O-O a5 12.Ncd5 O-O 13.c3 Nc6 14.f4 Be6 15.f5 Bxd5 16.Nxd5 Rb8
17.Rf3 Nxd5 18.Bxd5 Na7 19.Rg3 Bh4 20.Bxh6 Bxg3 21.Qg4 Qf6 22.Bg5 Qxg5 23.Qxg5 Bf4
24.Qg6  1-0

[Event "IEWCC"]
[Site "Istanbul TUR"]
[Date "2003.06.03"]
[Round "2"]
[White "Stjazhkina,O"]
[Black "Sasu Ducsoara,An"]
[Result "1-0"]
[WhiteElo "2313"]
[BlackElo "2193"]

1.e4 c5 2.Nc3 Nc6 3.Bb5 Nd4 4.Bc4 g6 5.Nf3 Bg7 6.Nxd4 cxd4 7.Qf3 e6 8.Nb5 Be5
9.c3 dxc3 10.d4 a6 11.dxe5 axb5 12.Bb3 cxb2 13.Bxb2 Qa5+ 14.Bc3 b4 15.Bb2 Qb5
16.Rc1 Ne7 17.Qf6 Rf8 18.Bc4 Qa5 19.O-O b6 20.Rfd1 Bb7 21.Qf3 Nc6 22.Qd3 Rd8
23.Bb5 Qa8 24.a3 f5 25.exf6  1-0

[Event "IEWCC"]
[Site "Istanbul TUR"]
[Date "2003.06.04"]
[Round "3"]
[White "Hlgatian,G"]
[Black "Cinar,N"]
[Result "1-0"]
[WhiteElo "2216"]
[BlackElo "2090"]

1.e4 c5 2.Nf3 Nc6 3.Nc3 e5 4.Bc4 d6 5.d3 Be7 6.Nd2 Nf6 7.Nf1 Bg4 8.f3 Be6
9.Ne3 a6 10.Bd5 O-O 11.O-O Qd7 12.a4 Nb4 13.a5 Qc7 14.Bd2 Nbxd5 15.exd5 Bd7
16.Nc4 Nh5 17.Nb6 Rae8 18.g4 Nf4 19.Bxf4 exf4 20.Qd2 f5 21.Nxd7 Qxd7 22.Qxf4 fxg4
23.Qxg4 Rf5 24.Kh1 Ref8 25.Ne4 Qe8 26.c4 Qf7 27.Ra3 Kh8 28.Rb3 Rb8 29.Rb6 Qf8
30.Kg2 g6 31.Ng3 Rf7 32.Ne4 Rf5 33.Qg3 Rf4 34.Qe1 Rh4 35.Ng3 Bf6 36.f4 Qh6
37.Rxd6 Rxh2+ 38.Kf3 Bd4 39.Rh1 Rf8 40.Rxh2 Qxf4+ 41.Kg2 Qxd6 42.Kh1 Qf6
43.Qe2 Qg5 44.Qe1 Qg4 45.Ne4 Qf3+ 46.Rg2 Rf5 47.Ng3 Rf8 48.Kh2 Qxd3 49.d6 Bf6
50.Rd2 Qxc4 51.d7 Qh4+ 52.Kg2 Bd4 53.Re2 Qf4 54.Re8 Kg7 55.d8=Q  1-0

[Event "17th Open"]
[Site "Pula CRO"]
[Date "2003.06.04"]
[Round "6"]
[White "Sedlak,N"]
[Black "Jovanic,O"]
[Result "1/2-1/2"]
[WhiteElo "2524"]
[BlackElo "2423"]

1.e4 c5 2.Nf3 Nc6 3.Nc3 e5 4.Bc4 d6 5.d3 Be7 6.O-O Nf6 7.Ng5 O-O 8.f4 Bg4
9.Qe1 exf4 10.Bxf4 Nd4 11.Qd2 Qd7 12.a4 Bh5 13.Rae1 Ng4 14.Nd5 Ne5 15.Bxe5 dxe5
16.Nxe7+ Qxe7 17.c3 Nc6 18.Qe3 Rad8 19.Qg3 Rd6 20.Nf3 Rg6 21.Qf2 Rf6 22.Qe3 Bxf3
23.Rxf3 Rxf3 24.Qxf3 g6 25.Qe3 Kg7 26.Rf1 b6 27.Rf3 Nd8 28.Rf1 Ne6 29.Ra1 a5
30.Rf1 h5 31.Qd2 Rd8 32.Qd1 Rd6 33.g3 Nd8 34.h4 Rf6 35.Rxf6 Qxf6 36.Kg2 Ne6
37.Qf3 Qe7 38.Qd1 Nf8 39.Bd5 Nh7 40.Bc4 Nf6 41.Qf3 Ng4 42.Kg1 Qb7 43.Bd5 Qd7
44.Bc4 Nh6 45.Bb3 Qh3 46.Qg2 Qg4 47.Kf2 g5 48.Kf1 f6 49.Qf2 gxh4 50.gxh4 f5
51.Qg2 f4 52.Bd1 Qxg2+ 53.Kxg2 Ng4 54.Kf3 Kf6 55.Bb3 Ne3 56.Kf2 Ng4+  1/2-1/2

[Event "Golden Cleopatra"]
[Site "Cairo EGY"]
[Date "2003.06.05"]
[Round "5"]
[White "Zozulia,A"]
[Black "Yousry,S"]
[Result "1/2-1/2"]
[WhiteElo "2336"]
[BlackElo "2284"]

1.e4 c5 2.Nf3 Nc6 3.Nc3 e5 4.Bc4 d6 5.d3 Be7 6.Nd2 Bg5 7.Nf1 Bxc1 8.Rxc1 Be6
9.Ne3 Nf6 10.O-O O-O 11.Ncd5 Bxd5 12.Nxd5 Nxd5 13.Bxd5 Qg5 14.f4 exf4 15.Bxc6 bxc6
16.Qd2 Qe5 17.Qxf4 f6  1/2-1/2

[Event "IEWCC"]
[Site "Istanbul TUR"]
[Date "2003.06.05"]
[Round "4"]
[White "Milliet,S"]
[Black "Seps,M"]
[Result "1-0"]
[WhiteElo "2240"]
[BlackElo "2095"]

1.e4 c5 2.Nc3 Nc6 3.Nf3 g6 4.d4 cxd4 5.Nxd4 Bg7 6.Be3 Nf6 7.Bc4 e6 8.Ndb5 d5
9.exd5 exd5 10.Nxd5 Nxd5 11.Qxd5 O-O 12.Qxd8 Rxd8 13.c3 a6 14.Nc7 Rb8 15.Bb6 Ne5
16.Be2 Bf5 17.f4 Nd3+ 18.Bxd3 Rxd3 19.Rd1 Rbd8 20.Rxd3 Rxd3 21.Ke2 Rd6 22.Ba5 Bf8
23.h3 Be4 24.Rg1 Rc6 25.Ne8 f5 26.Rd1 Bxg2 27.Rd8 Kf7 28.Nc7 Bd6 29.Rd7+ Kg8
30.Ne6 Bc5 31.Rd8+ Kf7 32.Ng5+ Ke7 33.Rh8 b6 34.Rxh7+ Kd6 35.Nf7+ Kd5 36.c4+ Ke4
37.Bd2 Bf3+ 38.Ke1 Bh5 39.b4 Bd4 40.Nd8 Rxc4 41.Nf7 Kd3 42.Ne5+ Bxe5 43.Rd7+ Ke4
44.Re7 Kf3 45.fxe5 Re4+ 46.Kd1 Kg3+ 47.Kc2 Kxh3 48.Re6 Kg3 49.Rxb6 Rxe5 50.Rxa6 f4
51.Rf6 f3 52.Bf4+ Kg2 53.Bxe5 f2 54.b5 Bf3 55.Rxg6+ Kh3 56.Rg3+  1-0

[Event "IEWCC"]
[Site "Istanbul TUR"]
[Date "2003.06.07"]
[Round "5"]
[White "Stepovaia Dianchenko,T"]
[Black "Cmilyte,V"]
[Result "0-1"]
[WhiteElo "2394"]
[BlackElo "2430"]

1.e4 c5 2.Nc3 Nc6 3.Nf3 e5 4.Bc4 d6 5.d3 Be7 6.O-O Nf6 7.Ng5 O-O 8.f4 Bg4
9.Qe1 exf4 10.Bxf4 Bh5 11.Qd2 Nd4 12.Rae1 h6 13.Nf3 Bxf3 14.gxf3 Qd7 15.Qg2 Kh8
16.Be3 b5 17.Bd5 Rac8 18.a3 a5 19.b4 axb4 20.axb4 Nxc2 21.Qxc2 cxb4 22.Qa2 bxc3
23.Bxf7 d5 24.Bg6 dxe4 25.dxe4 Bc5 26.Bxc5 Rxc5 27.Kh1 Qc7 28.Rc1 Rd8 29.Qf7 b4
30.Qxc7 Rxc7 31.e5 Nd5 32.Rfd1 b3 33.Rd3 b2  0-1

[Event "IEWCC"]
[Site "Istanbul TUR"]
[Date "2003.06.07"]
[Round "5"]
[White "Kadziolka,B"]
[Black "Smokina,K"]
[Result "1/2-1/2"]
[WhiteElo "2206"]
[BlackElo "2269"]

1.e4 c5 2.Nc3 Nc6 3.Bb5 g6 4.Bxc6 dxc6 5.d3 e5 6.Be3 Be6 7.Qd2 Nf6 8.h3 c4
9.Nf3 cxd3 10.cxd3 Qa5 11.Ng5 Rd8 12.Nxe6 fxe6 13.Bh6 Kf7 14.O-O Bxh6 15.Qxh6 Rhf8
16.f4 exf4 17.Rxf4 Kg8 18.Raf1 Qh5 19.Qxh5 Nxh5 20.Rxf8+ Rxf8 21.Rxf8+ Kxf8
22.Ne2 e5  1/2-1/2